Birtirānd Rasil, (Record no. 49821)

MARC details
000 -LEADER
fixed length control field 00701cam a22002411 4500
001 - CONTROL NUMBER
control field ne 67001763
003 - CONTROL NUMBER IDENTIFIER
control field DLC
005 - DATE AND TIME OF LATEST TRANSACTION
control field 20260227111834.0
008 - FIXED-LENGTH DATA ELEMENTS--GENERAL INFORMATION
fixed length control field 921218s1967 ua b 000 0 arar
010 ## - LIBRARY OF CONGRESS CONTROL NUMBER
LC control number ne 67001763
035 ## - SYSTEM CONTROL NUMBER
System control number (OCoLC)27143156
040 ## - CATALOGING SOURCE
Original cataloging agency DLC
Transcribing agency CU
Modifying agency MNtNEL
-- DLC
042 ## - AUTHENTICATION CODE
Authentication code premarc
050 00 - LIBRARY OF CONGRESS CALL NUMBER
Classification number B1649.R94
Item number M3 1967
100 1# - MAIN ENTRY--PERSONAL NAME
Personal name Maḥmūd, Zakī Najīb,
Dates associated with a name 1905-
245 10 - TITLE STATEMENT
Title Birtirānd Rasil,
Statement of responsibility, etc. bi-qalam Zakī Najīb Maḥmūd.
250 ## - EDITION STATEMENT
Edition statement al-Ṭabʻah 2.
260 ## - PUBLICATION, DISTRIBUTION, ETC.
Place of publication, distribution, etc. Miṣr,
Name of publisher, distributor, etc. Dār al-Maʻārif
Date of publication, distribution, etc. [1967]
300 ## - PHYSICAL DESCRIPTION
Extent 174 p. ;
Dimensions 22 cm.
440 #0 - SERIES STATEMENT/ADDED ENTRY--TITLE
Title Nawābigh al-Fikr al-Gharbī,
Volume/sequential designation 2
504 ## - BIBLIOGRAPHY, ETC. NOTE
Bibliography, etc. note Bibliography: p. 174.
700 1# - ADDED ENTRY--PERSONAL NAME
Personal name Russell, Bertrand,
Dates associated with a name 1872-1970.

No items available.

Powered by Koha